La reeducación de los niños subnormales / (Record no. 188725)

MARC details
000 -LEADER
campo de control de longitud fija 00699nam a2200217 i 4500
001 - NÚMERO DE CONTROL
campo de control 188725
003 - IDENTIFICADOR DE NÚMERO DE CONTROL
campo de control ES-MaACL
005 - FECHA Y HORA DE LA ÚLTIMA TRANSACCIÓN
campo de control 20250901034336.0
007 - CAMPO FIJO DE DESCRIPCIÓN FÍSICA--INFORMACIÓN GENERAL
campo de control de longitud fija t|
008 - DATOS DE LONGITUD FIJA--INFORMACIÓN GENERAL
campo de control de longitud fija 190211s1966 sp ||||1| spa d
100 1# - ENTRADA PRINCIPAL--NOMBRE DE PERSONA
Nombre de persona Saint-Clair, Simone.
9 (RLIN) 166186
245 13 - MENCIÓN DEL TÍTULO
Título La reeducación de los niños subnormales /
Mención de responsabilidad, etc. Simone Saint-Clair ; versión... Angel Abad.
260 ## - PUBLICACIÓN, DISTRIBUCIÓN, ETC.
Lugar de publicación, distribución, etc. Barcelona :
Nombre del editor, distribuidor, etc. Nova Terra,
Fecha de publicación, distribución, etc. [1966]
300 ## - DESCRIPCIÓN FÍSICA
Extensión 211 p. ;
Dimensiones 20 cm.
490 1# - MENCIÓN DE SERIE
Mención de serie Colección "Navidad" ;
Designación de volumen o secuencia 8
650 #4 - PUNTO DE ACCESO ADICIONAL DE MATERIA--TÉRMINO DE MATERIA
Término de materia o nombre geográfico como elemento de entrada Niños con discapacidad mental-
Subdivisión general Educación.
9 (RLIN) 148837
700 1# - ENTRADA AGREGADA--NOMBRE PERSONAL
Nombre de persona Abad, Ángel
9 (RLIN) 17894
830 0# - PUNTO DE ACCESO ADICIONAL DE SERIE-TÍTULO UNIFORME
Título uniforme Colección "Navidad" ;
Designación de volumen o secuencia 8
9 (RLIN) 181795
852 ## - LOCALIZACIÓN
Ubicación ES-MaACL
Número de control de estantería P-474-Ter-7
Holdings
Estatus retirado Estado de pérdida Estado de daño No para préstamo Biblioteca de origen Biblioteca actual Ubicación en estantería Fecha de adquisición Fuente de adquisición Total de préstamos Signatura topográfica completa Código de barras Visto por última vez Precio de reemplazo Tipo de ítem Koha
        Biblioteca del Ateneo de Madrid Biblioteca del Ateneo de Madrid Depósito 2 11/02/2019     P-474-Ter-7 1199846 23/02/2023 23/02/2023 Libro impreso